000 00308nam a22001337a 4500
008 181019b xxu||||| |||| 00| 0 eng d
020 _a9780393701890
041 _aeng
080 _a159.9
100 _a49
101 _aPSI
245 _aA primer Of Brief Psycho Therapy
_cCooper.J.F
942 _2udc
_cBK
999 _c50288
_d50288